| 000 | 00461nam a2200181Ia 4500 | ||
|---|---|---|---|
| 008 | 230917s9999||||xx |||||||||||||| ||und|| | ||
| 020 | _cGBP55.99 | ||
| 040 |
_e246600 _aMAIN |
||
| 041 | _aEnglish | ||
| 082 | _a570 F877B(6) | ||
| 100 | _aFreeman, Scott | ||
| 245 | 0 | _aBiological science | |
| 250 | _a6th ed. | ||
| 260 |
_aHarlow _bPearson Education _c2017 |
||
| 300 | _a1207 p. | ||
| 500 | _a3076 21/03/2018 IBS18/348 21/03/2018 Main Budget | ||
| 942 | _cBK | ||
| 999 |
_c26446 _d26446 |
||